000 00673nam a2200217 i 4500
001 133943
003 ES-MaACL
005 20250728042513.0
007 t|
008 070904q1948 sp ||||1| spa d
100 1 _aWalley, Charles W.
_9115965
245 1 3 _aEl virage y arte del color en la fotografía /
_cpor Charles W. Walley.
260 _aMadrid :
_bBiblis,
_c[1948?]
300 _a144 p. :
_bil. ;
_c15 cm.
490 1 _aFoto-Norma ;
_v4
650 7 _aFotografía-
_xColoreado
_2
_9170295
650 7 _aFotografía-
_xViraje
_2
_9170296
830 0 _aFoto-Norma ;
_v4
_9233328
852 _aES-MaACL
_j1887-F-12
_bR.26043
999 _c133943
_d133943